00655nam a2200169 a 450000100100000000500170001000800410002704000250006808200150009310000430010824500710015126001040022230000200032604900090034695201130035599900170046800001719620200929165038.0100319s1943 dr 000 0 spa d aDO-SdBNPbspacBNPHU axxxbT853c1 aTroncoso de la Concha, Parmenio93784210aCartilla profiláctica escolar /cParmenio Troncoso de la Concha. aCiudad Trujillo :bPublicaciones de la Secretaría de Estado de Educación y Bellas Artes,c1943. a34 p. ;c23 cm. aBNPD 0010718PDaPDbPDcCTd2010-03-19iLF1l0oxxx T853cp17196-10r2020-06-25w2020-06-25yLFPDZNo se presta c16722d16722